<?xml version="1.0" encoding="UTF-8"?>
<collection xmlns="http://www.loc.gov/MARC21/slim">
 <record>
  <leader>00545cam a2200169 7i4500</leader>
  <controlfield tag="001">0000045288</controlfield>
  <controlfield tag="005">20050922090000.0</controlfield>
  <datafield tag="020" ind1="#" ind2="0">
   <subfield code="a">0521822386 (hbk.) </subfield>
  </datafield>
  <datafield tag="020" ind1="#" ind2="0">
   <subfield code="a">0521529581 (pbk.) </subfield>
  </datafield>
  <datafield tag="090" ind1="0" ind2="0">
   <subfield code="a">QE 363.2 </subfield>
   <subfield code="b">W4</subfield>
  </datafield>
  <datafield tag="100" ind1="1" ind2="#">
   <subfield code="a">Wenk </subfield>
  </datafield>
  <datafield tag="245" ind1="1" ind2="0">
   <subfield code="a">Minerals : </subfield>
   <subfield code="b">their constitution and origin  </subfield>
   <subfield code="c">Hans-Rudolf Wenk and Andrei Bulakh.</subfield>
  </datafield>
  <datafield tag="260" ind1="#" ind2="#">
   <subfield code="a">Cambridge: </subfield>
   <subfield code="b">Cambridge University Press, </subfield>
   <subfield code="c">2004.</subfield>
  </datafield>
  <datafield tag="300" ind1="#" ind2="#">
   <subfield code="a">xxii, 646 p.: </subfield>
   <subfield code="b">ill. (some col.); </subfield>
   <subfield code="c">26 cm.</subfield>
  </datafield>
  <datafield tag="650" ind1="0" ind2="0">
   <subfield code="a">Mineralogy </subfield>
  </datafield>
  <datafield tag="700" ind1="1" ind2="1">
   <subfield code="a">Bulakh, </subfield>
   <subfield code="h">A. G. </subfield>
  </datafield>
  <datafield tag="999" ind1=" " ind2=" ">
   <subfield code="a">1100036971</subfield>
   <subfield code="b">Book</subfield>
   <subfield code="c">Open Shelf</subfield>
   <subfield code="e">KOLEKSI TERBUKA</subfield>
  </datafield>
 </record>
</collection>
